<?xml version='1.0' encoding='UTF-8'?>
  <record xmlns="http://www.loc.gov/MARC21/slim">
    <leader>00000cam a2200000 i 4500</leader>
    <controlfield tag="001">ocm66865121</controlfield>
    <controlfield tag="003">OCoLC</controlfield>
    <controlfield tag="005">20260115183754.8</controlfield>
    <controlfield tag="008">031214s1515    fr            000 0 lat d</controlfield>
    <datafield tag="040" ind1=" " ind2=" ">
      <subfield code="a">NLGGC</subfield>
      <subfield code="b">eng</subfield>
      <subfield code="e">rda</subfield>
      <subfield code="e">dcrmr</subfield>
      <subfield code="c">NLGGC</subfield>
      <subfield code="d">OCLCL</subfield>
      <subfield code="d">OCLCQ</subfield>
      <subfield code="d">QGJ</subfield>
      <subfield code="d">OCLCO</subfield>
      <subfield code="d">QGJ</subfield>
      <subfield code="d">OCLCO</subfield>
    </datafield>
    <datafield tag="029" ind1="0" ind2=" ">
      <subfield code="a">NLGGC</subfield>
      <subfield code="b">257969098</subfield>
    </datafield>
    <datafield tag="035" ind1=" " ind2=" ">
      <subfield code="a">(OCoLC)66865121</subfield>
    </datafield>
    <datafield tag="100" ind1="0" ind2=" ">
      <subfield code="a">Leo</subfield>
      <subfield code="b">I,</subfield>
      <subfield code="c">Pope,</subfield>
      <subfield code="d">-461,</subfield>
      <subfield code="e">author.</subfield>
      <subfield code="4">aut</subfield>
      <subfield code="1">https://id.oclc.org/worldcat/entity/E39PCjFQ4YJbxvk7CBYQGcyBKd</subfield>
    </datafield>
    <datafield tag="240" ind1="1" ind2="0">
      <subfield code="a">Sermons</subfield>
    </datafield>
    <datafield tag="245" ind1="1" ind2="0">
      <subfield code="a">Leonis Pontificis Maximi Sermones q[uam] diligentissime nuperrime castigati. et quantu[m] anniti ars potuit fideliter impressi.</subfield>
    </datafield>
    <datafield tag="246" ind1="3" ind2=" ">
      <subfield code="a">Sermones q[uam] diligentissime nuperrime castigati. et quantu[m] anniti ars potuit fideliter impressi</subfield>
    </datafield>
    <datafield tag="264" ind1=" " ind2="1">
      <subfield code="a">Venumda[n]tur Parisius  :</subfield>
      <subfield code="b">a Joanne Parvo,</subfield>
      <subfield code="c">m.ccccc.xv. v[er]o. ij. martij. [2 March 1515]</subfield>
    </datafield>
    <datafield tag="300" ind1=" " ind2=" ">
      <subfield code="a">[4], cviii, [8] leaves ;</subfield>
      <subfield code="c">21 cm (4to)</subfield>
    </datafield>
    <datafield tag="336" ind1=" " ind2=" ">
      <subfield code="a">text</subfield>
      <subfield code="b">txt</subfield>
      <subfield code="2">rdacontent</subfield>
    </datafield>
    <datafield tag="337" ind1=" " ind2=" ">
      <subfield code="a">unmediated</subfield>
      <subfield code="b">n</subfield>
      <subfield code="2">rdamedia</subfield>
    </datafield>
    <datafield tag="338" ind1=" " ind2=" ">
      <subfield code="a">volume</subfield>
      <subfield code="b">nc</subfield>
      <subfield code="2">rdacarrier</subfield>
    </datafield>
    <datafield tag="340" ind1=" " ind2=" ">
      <subfield code="m">4to</subfield>
      <subfield code="2">rdabf</subfield>
    </datafield>
    <datafield tag="500" ind1=" " ind2=" ">
      <subfield code="a">Title page printed in red and black.</subfield>
    </datafield>
    <datafield tag="500" ind1=" " ind2=" ">
      <subfield code="a">Device of Jean Petit (woodcut) on title page.</subfield>
    </datafield>
    <datafield tag="500" ind1=" " ind2=" ">
      <subfield code="a">Place of publication and bookseller's name from imprint on title page. Date of publication from colophon.</subfield>
    </datafield>
    <datafield tag="500" ind1=" " ind2=" ">
      <subfield code="a">Imprint: Venumda[n]tur Parisius in Vico diui Jacobi sub lilio aureo. a Joanne Paruo.</subfield>
    </datafield>
    <datafield tag="500" ind1=" " ind2=" ">
      <subfield code="a">Colophon (leaf ²p8 recto): Explicit p[re]clarus [&amp;] insignis tractat[us] Leonis pape de co[n]flictu vicioru[m] [et] v[ir]tutum. vna cum sermonib[us] eiusde[m]. Parrhisiisq[ue] impressus in sole aureo vici diui Jacobi p[er] magistru[m] Bertholdu[m] re[m]bolt. Anno d[omi]ni m.ccccc.xv. v[er]o. ij. martij.</subfield>
    </datafield>
    <datafield tag="500" ind1=" " ind2=" ">
      <subfield code="a">Leaf p1 verso-p2 verso contains table of contents, with caption: Sequuntur rubrice totius operis per ordinem.</subfield>
    </datafield>
    <datafield tag="500" ind1=" " ind2=" ">
      <subfield code="a">Leaf p3 recto-verso: Johannes Andree Episcopus Arelie[n]sis. Ad su[m]mu]m] po[n]tifice[m] Paulu[m]. ij. Venetu[m] Epistola. Followed by a poem (Bibliopola ad lectorem) in elegiac distichs, with first two lines: Diuus Leo patria Romanus: su[m]mus et ille // Pastor erat:  studijs vectus ad alta suis. At head of page in red: Beatus leo papa</subfield>
    </datafield>
    <datafield tag="500" ind1=" " ind2=" ">
      <subfield code="a">Leaf p4 verso: woodcut illustration, showing Leo I on his throne. Beneath that poem in elegiac distichs ad Lectorem, with first two lines: Diuus Leo patria Romanus; su[m]mus et ille // Pastor erat: studijs vectus ad alta suis.</subfield>
    </datafield>
    <datafield tag="500" ind1=" " ind2=" ">
      <subfield code="a">Printed woodcut initials.</subfield>
    </datafield>
    <datafield tag="500" ind1=" " ind2=" ">
      <subfield code="a">Printed marginalia.</subfield>
    </datafield>
    <datafield tag="500" ind1=" " ind2=" ">
      <subfield code="a">Signatures: p⁴ a-n⁸ o⁴ ²p⁸; p4r,o4v and ²p8 are blank.</subfield>
    </datafield>
    <datafield tag="505" ind1="0" ind2="0">
      <subfield code="t">Sermones --</subfield>
      <subfield code="t">In festo o[mn]i[u]m sanctoru[m]. Homelia --</subfield>
      <subfield code="t">Tractatus [con]tra heresim Eutychetis --</subfield>
      <subfield code="t">Epistola ad Flauianu[m] Co[n]sta[n]tinopo[litanum] ep[iscopu]m --</subfield>
      <subfield code="t">[Epistola ad] Maximu[m] Antiochenu[m] ep[iscopu]m --</subfield>
      <subfield code="t">Epistola ad Leone[m] Augustum --</subfield>
      <subfield code="t">Symbolu[m] Nicenu[m] --</subfield>
      <subfield code="t">Excerpta de libris catholico[rum] patru[m] --</subfield>
      <subfield code="t">Libellus Leonis pape de conflictu vitiorum] atq[ue] virtutum</subfield>
    </datafield>
    <datafield tag="510" ind1="4" ind2=" ">
      <subfield code="a">Moreau, B. Inventaire chronologique des éditions parisiennes du XVIe siècle,</subfield>
      <subfield code="c">2, 1159</subfield>
    </datafield>
    <datafield tag="510" ind1="4" ind2=" ">
      <subfield code="a">Adams, H.M. Catalogue of books printed on the continent of Europe, 1501-1600, in Cambridge libraries,</subfield>
      <subfield code="c">L 454</subfield>
    </datafield>
    <datafield tag="650" ind1=" " ind2="0">
      <subfield code="a">Heresy.</subfield>
    </datafield>
    <datafield tag="650" ind1=" " ind2="0">
      <subfield code="a">Christian life</subfield>
      <subfield code="x">Catholic authors.</subfield>
    </datafield>
    <datafield tag="650" ind1=" " ind2="0">
      <subfield code="a">Sermons, Latin.</subfield>
    </datafield>
    <datafield tag="650" ind1=" " ind2="6">
      <subfield code="a">Hérésie.</subfield>
    </datafield>
    <datafield tag="650" ind1=" " ind2="6">
      <subfield code="a">Vie chrétienne</subfield>
      <subfield code="x">Auteurs catholiques.</subfield>
    </datafield>
    <datafield tag="650" ind1=" " ind2="6">
      <subfield code="a">Sermons latins.</subfield>
    </datafield>
    <datafield tag="650" ind1=" " ind2="7">
      <subfield code="a">Christian life</subfield>
      <subfield code="x">Catholic authors</subfield>
      <subfield code="2">fast</subfield>
    </datafield>
    <datafield tag="650" ind1=" " ind2="7">
      <subfield code="a">Heresy</subfield>
      <subfield code="2">fast</subfield>
    </datafield>
    <datafield tag="650" ind1=" " ind2="7">
      <subfield code="a">Sermons, Latin</subfield>
      <subfield code="2">fast</subfield>
    </datafield>
    <datafield tag="700" ind1="1" ind2=" ">
      <subfield code="a">Bussi, Giovanni Andrea,</subfield>
      <subfield code="d">1417-1475,</subfield>
      <subfield code="e">dedicator</subfield>
      <subfield code="1">https://id.oclc.org/worldcat/entity/E39PBJdGRYMMCTYRTxytkPdqQq</subfield>
    </datafield>
    <datafield tag="700" ind1="0" ind2=" ">
      <subfield code="a">Paul</subfield>
      <subfield code="b">II,</subfield>
      <subfield code="c">Pope,</subfield>
      <subfield code="d">1417-1471,</subfield>
      <subfield code="e">dedicatee.</subfield>
      <subfield code="4">dte</subfield>
      <subfield code="1">https://id.oclc.org/worldcat/entity/E39PBJxrWkpRcMrbt7dGhKcwYP</subfield>
    </datafield>
    <datafield tag="700" ind1="1" ind2=" ">
      <subfield code="a">Petit, Jean,</subfield>
      <subfield code="d">active 1492-1530,</subfield>
      <subfield code="e">bookseller.</subfield>
      <subfield code="4">bsl</subfield>
      <subfield code="1">https://id.oclc.org/worldcat/entity/E39PBJjCMGhmh8G4MFYByKwjYP</subfield>
    </datafield>
    <datafield tag="700" ind1="1" ind2=" ">
      <subfield code="a">Rembolt, Berthold,</subfield>
      <subfield code="d">-1518,</subfield>
      <subfield code="e">printer.</subfield>
      <subfield code="4">prt</subfield>
      <subfield code="1">https://id.oclc.org/worldcat/entity/E39PBJgd7WdkvK3g6YvbB6TWDq</subfield>
    </datafield>
    <datafield tag="758" ind1=" " ind2=" ">
      <subfield code="a">Sermons (Text)</subfield>
      <subfield code="1">https://id.oclc.org/worldcat/entity/E39PCG49fQFgXbKKxRkHVM9VYP</subfield>
      <subfield code="4">https://id.oclc.org/worldcat/ontology/hasWork</subfield>
    </datafield>
    <datafield tag="752" ind1=" " ind2=" ">
      <subfield code="a">France</subfield>
      <subfield code="d">Paris,</subfield>
      <subfield code="e">publication place.</subfield>
      <subfield code="4">pup</subfield>
    </datafield>
    <datafield tag="936" ind1=" " ind2=" ">
      <subfield code="a">BATCHLOAD</subfield>
    </datafield>
  </record>